Русско-японская война 1904-1905 гг. Кн. 2: Действия флота на южном театре от перерыва сообщений с Порт-Артуром до морского боя 28 июля (10 августа) в Желтом море (Запись № 4941056)

Подробности
000 -МАРКЕР
контрольное поле 01649nam2a22002771 4500
001 - ИДЕНТИФИКАТОР ЗАПИСИ
контрольное поле v19\rc\2085312
005 - ИДЕНТИФИКАТОР ВЕРСИИ
контрольное поле 20250620034154.0
035 ## - ДРУГИЕ СИСТЕМНЫЕ НОМЕРА
Идентификатор записи (NLR Aleph) 005155508
100 ## - ДАННЫЕ ОБЩЕЙ ОБРАБОТКИ
Данные общей обработки 20081218d1913 |||y0rusy50 ca
101 0# - ЯЗЫК РЕСУРСА
Язык текста, звукозаписи и т.д. русский
102 ## - СТРАНА ПУБЛИКАЦИИ ИЛИ ПРОИЗВОДСТВА
Страна публикации Российская Федерация
105 ## - ПОЛЕ КОДИРОВАННЫХ ДАННЫХ: ТЕКСТОВЫЕ МАТЕРИАЛЫ, МОНОГРАФИЧЕСКИЕ
Кодированные данные о монографическом текстовом документе y z |||||
200 1# - ЗАГЛАВИЕ И СВЕДЕНИЯ ОБ ОТВЕТСТВЕННОСТИ
Основное заглавие Действия флота на южном театре от перерыва сообщений с Порт-Артуром до морского боя 28 июля (10 августа) в Желтом море
210 ## - ПУБЛИКАЦИЯ, РАСПРОСТРАНЕНИЕ И ДР.
Дата издания, распространения и т.д. 1913
Место издания, распространения и т.д. Б. м.
215 ## - ФИЗИЧЕСКАЯ ХАРАКТЕРИСТИКА
Специфическое обозначение материала и объем XII, 394 с.
300 ## - ОБЩИЕ ПРИМЕЧАНИЯ
Текст примечания Из предисл.: "Труд по составлению настоящей книги исполнен кап. 1 ранга Поповым..."
461 #0 - УРОВЕНЬ НАБОРА
Встроенное поле 001v19\rc\2085310
-- 2001#$aРусско-японская война 1904-1905 гг.$eРабота Историч. комис. по описанию действий флота в войну 1904-1905 гг. при Мор. ген. штабе. Кн. 1-$vКн. 2
Системный номер (АБИС) связанной записи 4941052
Место публикации Санкт-Петербург
Дата публикации 1912-1917
Имя издателя, распространителя и т.д. тип. В.Д. Смирнова
Сведения, относящиеся к заглавию Работа Историч. комис. по описанию действий флота в войну 1904-1905 гг. при Мор. ген. штабе. Кн. 1-
Заглавие Русско-японская война 1904-1905 гг.
Номер тома Кн. 2
702 #1 - ИМЯ ЛИЦА - ВТОРИЧНАЯ ОТВЕТСТВЕННОСТЬ
Начальный элемент ввода Попов
Часть имени, кроме начального элемента ввода А. А.
Дополнения к именам, кроме дат воен. деятель
Даты 1866-
Расширение инициалов личного имени Андрей Андреевич
Системный номер авторитетной/нормативной записи 227016
Идентификатор авторитетной/нормативной записи RU\NLR\AUTH\770227072
801 #0 - ИСТОЧНИК ЗАПИСИ
Страна Российская Федерация
Организация NLR
Правила каталогизации psbo
801 #1 - ИСТОЧНИК ЗАПИСИ
Страна Российская Федерация
Организация ProSoft-M
Источник данных rusmarc
852 ## - МЕСТОНАХОЖДЕНИЕ И ШИФР ХРАНЕНИЯ
Идентификатор организации NLR
Шифр хранения (Call Number) В10 В-7/2
852 ## - МЕСТОНАХОЖДЕНИЕ И ШИФР ХРАНЕНИЯ
Идентификатор организации NLR
Шифр хранения (Call Number) 17.132.2.36
942 ## - ДОПОЛНИТЕЛЬНЫЕ ЭЛЕМЕНТЫ ЗАПИСИ (АБИС)
Тип экземпляра АБИС Книга
980 ## - КОЛЛЕКЦИЯ
Название коллекции Национальная библиография
Экземпляры
Тип экземпляра Дата поступления Библиотека постоянного хранения Библиотека текущего хранения Место хранения Шифр хранения Штрих-код Статус экземпляра
Книга 26.10.2013 РНБ (Садовая) РНБ (Садовая) Русский книжный фонд -Главное здание, Ленинский читальный зал 17.132.2.36 5155508-10  
Книга 26.10.2013 РНБ (Садовая) РНБ (Садовая) Русский книжный фонд -Главное здание, Ленинский читальный зал В10 В-7/2 5155508-20